000 01177nam0a22003131 4500
001 rc\2270412
005 20260406041337.0
035 _a(NLR Aleph) 006551472
090 _a6744992
_c6744992
100 _a20110829d1977 |||y0rusy50 ca
101 0 _arus
102 _aRU
105 _aa g |||||
200 1 _aКраткий химический справочник
_fВ.А. Рабинович, З.Я. Хавин
_gПод общ. ред. канд. хим. наук В.А. Рабиновича
210 _aЛенинград
_cХимия. Ленингр. отд-ние
_d1977
215 _a376 с.
_cчерт.
_d20
320 _aУказ.: с. 374-376
606 _aХимия
_jСправочники
_2psbo
686 _aГ.я27
_2rubbk
700 1 _8rus
_7ca
_aРабинович
_bВ. А.
_cканд. хим. наук
_f1918-
_gВениамин Абрамович
_3RU\NLR\AUTH\771741
_9111761
701 1 _aХавин
_bЗ.Я.
_gЗахарий Яковлевич
801 0 _aRU
_bNLR
_gpsbo
801 1 _aRU
_bELAR
_2rusmarc
852 _aNLR
_j77-3/5378
899 _aRuMoRGB
_jБ 77-51/534
899 _aRuMoRGB
_jБ 77-51/535
942 _cBOOK
980 _aNB